| 000 | 00745nam a2200265 a 4500 | ||
|---|---|---|---|
| 001 | 45997 | ||
| 003 | BD-RjUL | ||
| 005 | 20211209054108.0 | ||
| 008 | 300716s1986 njua b 001 0 eng | ||
| 020 | _a013820648101 | ||
| 035 |
_aOCLC ocm08952438 from D960821M _a(BD-RjUL)46115 |
||
| 040 |
_aDLC _cDLC _dEQO _beng |
||
| 041 | _aeng | ||
| 082 | 0 |
_a301 _219 _bPOS 1986 |
|
| 100 | 1 |
_aPopenoe, David, _d1932- _9140643 |
|
| 245 | 1 | 0 |
_aSociology / _cDavid Popenoe. |
| 250 | _a6th ed. | ||
| 260 |
_aEnglewood Cliffs, N.J. : _bPrentice-Hall, _cc1986 |
||
| 300 |
_axv, 624 p. : _bill. ; _c26 cm. |
||
| 500 | _aIncludes index. | ||
| 504 | _aBibliography: p. 601-622. | ||
| 650 | 0 |
_aSociology. _9140644 |
|
| 942 |
_2ddc _cBK |
||
| 999 |
_c45997 _d45997 |
||